| 000 | 00349 a2200109 4500 | ||
|---|---|---|---|
| 001 | ART_62026 | ||
| 005 | 20260410161611.0 | ||
| 008 | 260409a | ||
| 245 | 1 | 0 | _aLa activación de los costos financieros en la RT 54 NUA |
| 100 | 1 | _aSuardi, Diana | |
| 773 | 0 |
_tProfesional & Empresaria _g- Año XXVI, Nº 300 (nov./dic. 2024) _wREV70 |
|
| 999 |
_c10682 _d10682 |
||